| 000 | 00964cam a22003017a 4500 | ||
|---|---|---|---|
| 003 | CHAP | ||
| 005 | 20220329140037.0 | ||
| 008 | 971013s1980 r 00010 d | ||
| 010 | _a46126 | ||
| 011 | _a47098 | ||
| 035 | _a51239 | ||
| 040 | _cCHAP | ||
| 090 | _aFolleto 6984 | ||
| 110 |
_aUnión de Países Exportadores de Banano. _9116214 |
||
| 245 | 1 | 3 | _aLa flota mundial de barcos refrigerados y el transporte dde banano |
| 260 |
_aPanamá : _bUnión de Países Exportadores de Banano, _c1980 |
||
| 300 | _a40 p. | ||
| 590 |
_aBATCH-UPD _b10 _c20130110 _lUCH01 _h0034 |
||
| 590 |
_aBATCH-UPD _b10 _c20130110 _lUCH01 _h1402 |
||
| 590 |
_aBATCH-UPD _b10 _c20130409 _lUCH01 _h2105 |
||
| 590 |
_aBATCH-UPD _b10 _c20130914 _lUCH01 _h0537 |
||
| 590 |
_aCONVERSION _b10 _c20130109 _lUCH01 _h1325 |
||
| 650 | 1 | 4 |
_aBarcos. _910156 |
| 650 | 1 | 4 |
_aPlátano _xTransporte. _989274 |
| 901 | _aBK | ||
| 942 | _cFOLL | ||
| 949 |
_aFolleto 6984 _bBC _cFOLL _d-114742 _eTS1 _i51239 _mD _si |
||
| 999 |
_c46126 _d46126 |
||